| 000 | 01050nas a2200289 4500 | ||
|---|---|---|---|
| 001 | BR8103002 | ||
| 003 | BR-BrBNA | ||
| 005 | 20231205084738.0 | ||
| 007 | ta | ||
| 008 | 230509b bl.|||p| |||| 00| 00por d | ||
| 040 |
_aBR-BrBNA _bpor _cBiblioteca Nacional de Agricultura |
||
| 041 | _a(Pt) | ||
| 072 | _aH10 | ||
| 100 | 1 | _aNovaretti, W.R.T. | |
| 100 | 1 | _aTeran, F.O. | |
| 100 | 1 | _aNelli, E.J. | |
| 100 | 1 | _aColetti, J.T. | |
| 245 | 1 | _aUsina Barra Grande e Acucareira Zillo-Lorenzetti inauguram novos insetarios [Saccharum spp; Broca; Diatraea saccharalis; Brasil] | |
| 246 | 1 | _aBarra Grande de Lencois S.A. and Acucareira Zillo-Lorenzetti Mills inaugurated new insectaires and nematology laboratories [Saccharum spp; Borer; Diatraea Saccharalis; Brazil] | |
| 650 | _aPraga de planta | ||
| 650 | _aInseto | ||
| 650 | _aCana de acucar | ||
| 650 | _aBroca | ||
| 773 | 0 |
_tBoletim Tecnico COPERSUCAR (Brazil) _xISSN 0100-2996 _g(Aug 1981), (no. 15) p. 2-3 _wBR8103002 |
|
| 909 |
_a202311 _bLúcia _c55 _dLúcia Elande |
||
| 942 |
_2AGRIS _n0 _cANA |
||
| 999 |
_c107023 _d107023 |
||